[Event "61st World Juniors 2024"]
[Site "Gandhinagar IND"]
[Date "2024.06.06"]
[Round "5.16"]
[White "Nandish V S"]
[Black "Davtyan, Arsen"]
[Result "1-0"]
[BlackTitle "IM"]
[WhiteElo "1981"]
[BlackElo "2415"]
[WhiteFideId "45084297"]
[BlackFideId "13309315"]
[EventDate "2024.06.02"]

1. d4 Nf6 2. c4 e6 3. Nc3 Bb4 4. e3 O-O 5. Ne2 Re8 6. a3 Bf8 7. d5 a5 8. g3 exd5
9. cxd5 Na6 10. Bg2 Nc5 11. O-O a4 12. Nd4 d6 13. f3 g6 14. e4 c6 15. Kh1 cxd5
16. Bg5 Be7 17. exd5 Nxd5 18. Nxd5 Bxg5 19. f4 Bh6 20. f5 Bg7 21. f6 Bf8 22. Qd2
Re5 23. Rae1 Bd7 24. Nf3 Rxe1 25. Qxe1 Ne6 26. Qb4 Qa5 27. Qxb7 Ra7 28. Qb8 h6
29. Nd4 Nd8 30. b4 axb3 31. Nxb3 Qxa3 32. Qxd8 1-0

[Event "61st World Juniors 2024"]
[Site "Gandhinagar IND"]
[Date "2024.06.06"]
[Round "5.17"]
[White "Lopez Rayo, Santiago"]
[Black "Srihari, L R"]
[Result "0-1"]
[WhiteTitle "FM"]
[BlackTitle "IM"]
[WhiteElo "2277"]
[BlackElo "2495"]
[WhiteFideId "4455665"]
[BlackFideId "46617116"]
[EventDate "2024.06.02"]

1. e4 e5 2. Nf3 Nc6 3. Bb5 a6 4. Ba4 Nf6 5. O-O d6 6. Re1 Bd7 7. c3 g6 8. d4 Bg7
9. h3 O-O 10. Bc2 Nh5 11. Be3 Kh8 12. Nbd2 Qe8 13. a4 f5 14. exf5 gxf5 15. dxe5
dxe5 16. Bb3 e4 17. Ng5 Ne5 18. Nc4 Nd3 19. Rf1 Qg6 20. Bc2 f4 21. Nxe4 Bxh3 22.
Ng3 Nxg3 23. fxg3 Qxg3 24. Qf3 Qxf3 25. Rxf3 Bg4 26. Bxd3 Bxf3 27. gxf3 fxe3 28.
Be4 Bh6 29. Kf1 Rg8 30. Ne5 Raf8 31. Ke2 Rg2+ 32. Kd3 Bf4 33. Ng4 Rd8+ 34. Kc4
e2 35. Rh1 h6 36. Bd5 c6 37. Be4 Rd1 0-1

[Event "61st World Juniors 2024"]
[Site "Gandhinagar IND"]
[Date "2024.06.06"]
[Round "5.18"]
[White "Harshad, S"]
[Black "Gharibyan, Mamikon"]
[Result "0-1"]
[WhiteTitle "FM"]
[BlackTitle "GM"]
[WhiteElo "2272"]
[BlackElo "2492"]
[WhiteFideId "46616551"]
[BlackFideId "13308300"]
[EventDate "2024.06.02"]

1. e4 e5 2. Nf3 Nc6 3. Nc3 Nf6 4. a4 Bb4 5. Bd3 O-O 6. O-O Re8 7. Re1 Bc5 8. Nd5
d6 9. c3 a6 10. Bc2 h6 11. d4 Ba7 12. dxe5 Nxe5 13. Nxe5 dxe5 14. Be3 Be6 15.
Bxa7 Rxa7 16. Nxf6+ Qxf6 17. Qe2 a5 18. Bd3 Rd8 19. Red1 Raa8 20. Bc4 c6 21.
Bxe6 Qxe6 22. Rd3 Rd6 23. Rxd6 Rc8 24. Rd8+ Rxd8 25. Rd1 Rxd1+ 26. Qxd1 Qa2 27.
b3 b5 28. g3 Kh7 29. Kg2 bxa4 30. bxa4 Qc4 31. Qc2 h5 32. f4 f6 33. Kf2 Kg6 34.
f5+ Kf7 35. Qd1 Ke7 36. Qxh5 Qxe4 37. Qh7 Qc2+ 38. Kg1 Qd1+ 39. Kg2 Kf7 40. Kh3
Qf1+ 41. Kh4 Qc4+ 42. Kh3 Qf1+ 43. Kh4 Qg2 44. Kg4 Qe2+ 45. Kh3 e4 46. Qg6+ Kf8
47. Qh7 Qf1+ 48. Kh4 e3 49. Qh8+ Kf7 50. Qh5+ Ke7 51. Qg4 Kf8 52. Qd4 Qxf5 53.
Qxe3 Kf7 54. g4 Qc2 55. Kg3 Qxa4 56. Qa7+ Kg6 57. Qe3 Kf7 58. Qa7+ Kg8 59. Qd7
Qb5 60. Qe8+ Kh7 61. Qe4+ Kh6 62. Kh3 Qd5 63. Qe3+ g5 64. Qf2 Qd3+ 65. Kg2 Qe4+
66. Kh3 Kg6 67. c4 a4 68. c5 a3 69. Qf1 a2 0-1

[Event "61st World Juniors 2024"]
[Site "Gandhinagar IND"]
[Date "2024.06.06"]
[Round "5.20"]
[White "Sushanth, Kamabathula"]
[Black "Stribuk, Artiom"]
[Result "0-1"]
[BlackTitle "IM"]
[WhiteElo "2131"]
[BlackElo "2422"]
[WhiteFideId "25712667"]
[BlackFideId "13515659"]
[EventDate "2024.06.02"]

1. e4 c5 2. Nf3 d6 3. d4 cxd4 4. Qxd4 Nc6 5. Qe3 g6 6. Be2 Bg7 7. O-O Bg4 8. c4
Qb6 9. Qd2 Nf6 10. Nc3 Rc8 11. Rb1 Bxf3 12. Bxf3 Ne5 13. b3 Nxf3+ 14. gxf3 O-O
15. Bb2 Nh5 16. Nd5 Qd8 17. Bxg7 Kxg7 18. Qg5 e6 19. Qxd8 Rfxd8 20. Ne3 Nf4 21.
Rbd1 Kf6 22. Rd2 Ke7 23. Rfd1 a6 24. a4 b6 25. Kf1 g5 26. Rd4 h5 27. Ke1 Rc5 28.
Kf1 Ng6 29. Ke2 Rc6 30. Nc2 Nf4+ 31. Ke3 a5 32. Ne1 d5 33. Nd3 dxc4 34. Rxd8
cxd3 35. R8xd3 Nxd3 36. Rxd3 Rc2 37. e5 Rc1 38. f4 g4 39. f3 Rh1 40. fxg4 hxg4
41. Rd2 Rb1 42. Rd3 Rb2 43. Kd4 Rxh2 44. Ke4 Re2+ 45. Kd4 f5 46. exf6+ Kxf6 47.
Kc4 Re4+ 0-1

[Event "61st World Juniors 2024"]
[Site "Gandhinagar IND"]
[Date "2024.06.06"]
[Round "5.23"]
[White "Kanyamarala, Tarun"]
[Black "Ang, Ern Jie Anderson"]
[Result "1-0"]
[WhiteTitle "IM"]
[BlackTitle "CM"]
[WhiteElo "2333"]
[BlackElo "2198"]
[WhiteFideId "45004714"]
[BlackFideId "5736200"]
[EventDate "2024.06.02"]

1. d4 d5 2. c4 c6 3. Nc3 Nf6 4. e3 e6 5. Nf3 Nbd7 6. Qc2 Be7 7. b3 O-O 8. Bd3 b6
9. O-O Bb7 10. Bb2 c5 11. cxd5 exd5 12. Rfd1 Re8 13. Rac1 a6 14. Bf1 Rc8 15. a4
Bd6 16. g3 Ne4 17. Qb1 Ndf6 18. Bh3 Rc7 19. Nxe4 Nxe4 20. dxc5 bxc5 21. Nd2 d4
22. Nxe4 Bxe4 23. Qa1 Ba8 24. Bg2 Bxg2 25. Kxg2 Qa8+ 26. Kg1 Qf3 27. exd4 Re2
28. Rf1 Qxb3 29. dxc5 Bxc5 30. Bd4 Qb4 31. Rb1 Qc4 32. Rb8+ Bf8 33. Bxg7 Rc8 34.
Bxf8 Rxf8 35. Rxf8+ Kxf8 36. Qh8+ Ke7 37. Rd1 Rd2 38. Qe5+ Kf8 39. Qh8+ Ke7 40.
Re1+ Re2 41. Rd1 Rd2 42. Qe5+ Kf8 43. Rb1 1-0

[Event "61st World Juniors 2024"]
[Site "Gandhinagar IND"]
[Date "2024.06.06"]
[Round "5.25"]
[White "Mishra, Abhimanyu"]
[Black "Jval Saurin Patel"]
[Result "1-0"]
[WhiteTitle "GM"]
[WhiteElo "2627"]
[BlackElo "2085"]
[WhiteFideId "30920019"]
[BlackFideId "25968343"]
[EventDate "2024.06.02"]

1. e4 e6 2. d4 d5 3. Nd2 Nf6 4. e5 Nfd7 5. Bd3 c5 6. c3 Nc6 7. Ne2 cxd4 8. cxd4
f6 9. exf6 Nxf6 10. O-O Bd6 11. Nf3 Qc7 12. Bg5 O-O 13. Bh4 Bd7 14. Bg3 Rae8 15.
Rc1 Qb8 16. Re1 e5 17. Rxc6 bxc6 18. dxe5 Bxe5 19. Nxe5 Rxe5 20. Qc1 Rfe8 21.
Qc3 c5 22. Qxc5 Qxb2 23. Bxe5 Rxe5 24. Qc1 Qb4 25. h3 h6 26. Rd1 Bf5 27. Bxf5
Rxe2 28. Bg6 Qe7 29. Qc8+ Qf8 30. Qb7 Re7 31. Qc6 Qd8 32. Rc1 Rd7 33. Qc8 Qf8
34. Qa6 Rd8 35. Rc7 Kh8 36. Qxa7 Qb4 37. g3 Rg8 38. Qe3 d4 39. Qe7 Qxe7 40. Rxe7
Rd8 41. Bd3 Nd7 42. Kf1 Nc5 43. Bg6 Kg8 44. Re5 Na4 45. Re8+ Rxe8 46. Bxe8 Nc3
47. a4 Kf8 48. Bc6 Ke7 49. a5 Kd6 50. Bb7 Kc5 51. Ke1 d3 52. a6 Nb5 53. Kd2 Kd4
54. Bc6 Nd6 55. a7 Nc4+ 56. Ke1 1-0

[Event "61st World Juniors 2024"]
[Site "Gandhinagar IND"]
[Date "2024.06.06"]
[Round "5.26"]
[White "Safarov, Deniel"]
[Black "Avila Pavas, Santiago"]
[Result "0-1"]
[BlackTitle "GM"]
[WhiteElo "2059"]
[BlackElo "2495"]
[WhiteFideId "13619802"]
[BlackFideId "4437128"]
[EventDate "2024.06.02"]

1. e4 c5 2. Nf3 g6 3. d4 cxd4 4. Nxd4 Nf6 5. Nc3 d6 6. Be3 Nc6 7. f3 h5 8. Bc4
Bg7 9. Bb3 Na5 10. Qd3 a6 11. h3 b5 12. f4 Bb7 13. e5 Nxb3 14. axb3 Nd5 15. Nxd5
Bxd5 16. Rxa6 O-O 17. Qxb5 Rxa6 18. Qxa6 dxe5 19. Nf3 exf4 20. Bxf4 e5 21. Bg5
Qc7 22. O-O Qxc2 23. Bf6 Qc5+ 24. Kh2 Ra8 0-1

[Event "61st World Juniors 2024"]
[Site "Gandhinagar IND"]
[Date "2024.06.06"]
[Round "5.27"]
[White "Aaditya, Dhingra"]
[Black "Jain, Kushagra"]
[Result "1-0"]
[WhiteTitle "IM"]
[WhiteElo "2495"]
[BlackElo "1996"]
[WhiteFideId "25678191"]
[BlackFideId "66607663"]
[EventDate "2024.06.02"]

1. Nf3 c5 2. c4 Nf6 3. Nc3 d5 4. cxd5 Nxd5 5. e3 e6 6. d4 cxd4 7. exd4 Nc6 8.
Bd3 Be7 9. O-O O-O 10. Re1 Nf6 11. a3 b6 12. Bc2 Bb7 13. Qd3 Rc8 14. Bg5 g6 15.
Bb3 Nd5 16. Bh6 Re8 17. Nxd5 exd5 18. Ne5 Bg5 19. Nxf7 Rxe1+ 20. Rxe1 Kxf7 21.
Qf3+ Kg8 22. Qxd5+ Qxd5 23. Bxd5+ Kh8 24. Bxg5 Kg7 25. Bf3 h6 26. Bd2 Kf6 27. h4
g5 28. hxg5+ hxg5 29. Bc3 Kf7 30. d5 Nb8 31. Bh5+ Kf8 1-0

[Event "61st World Juniors 2024"]
[Site "Gandhinagar IND"]
[Date "2024.06.06"]
[Round "5.28"]
[White "Vaz, Ethan"]
[Black "Jai Sankar Subramanian"]
[Result "1-0"]
[WhiteTitle "IM"]
[WhiteElo "2420"]
[BlackElo "1986"]
[WhiteFideId "25940783"]
[BlackFideId "25931970"]
[EventDate "2024.06.02"]

1. e4 c5 2. Nf3 e6 3. b3 d5 4. Bb5+ Bd7 5. Bxd7+ Qxd7 6. exd5 Qxd5 7. Nc3 Qd8 8.
O-O Nf6 9. Bb2 Be7 10. d4 Nc6 11. Ne2 O-O 12. c4 Qb6 13. Qc1 Rad8 14. dxc5 Qxc5
15. Ng3 Nb4 16. Bc3 a5 17. Qb2 h6 18. Bd4 Qc7 19. Rad1 Nc6 20. Bc3 Rxd1 21. Rxd1
Rd8 22. Qb1 Rd7 23. h3 Qd8 24. Rxd7 Qxd7 25. Ne2 Ne8 26. Ned4 Nxd4 27. Bxd4 Bf6
28. Qb2 Bxd4 29. Qxd4 Qc7 30. Qe5 Qxe5 31. Nxe5 Kf8 32. c5 Ke7 33. Nc4 a4 34.
bxa4 Kd7 35. Ne5+ Kc7 36. Nxf7 Kc6 37. Nd8+ Kxc5 38. Nxb7+ Kb6 39. Nd8 Nc7 40.
Kf1 Ka5 41. Ke2 Kxa4 42. Kd3 Ka3 43. Ke4 Kxa2 44. Ke5 Kb3 45. Nxe6 Ne8 46. Kf5
Kc4 47. Kg6 Kd3 48. Nxg7 Nd6 49. Kxh6 Ke2 50. f4 Kf2 51. g4 Kg3 52. Nf5+ Kxh3
53. Nxd6 Kxg4 54. f5 1-0

[Event "61st World Juniors 2024"]
[Site "Gandhinagar IND"]
[Date "2024.06.06"]
[Round "5.29"]
[White "Tleukhanov, Yerlan"]
[Black "Wafa, Hamed"]
[Result "1/2-1/2"]
[BlackTitle "IM"]
[WhiteElo "2025"]
[BlackElo "2396"]
[WhiteFideId "13749692"]
[BlackFideId "10628452"]
[EventDate "2024.06.02"]

1. e4 e5 2. Nf3 Nc6 3. Bb5 a6 4. Ba4 Nf6 5. O-O d6 6. Re1 Bd7 7. c3 g6 8. d4 Bg7
9. Nbd2 O-O 10. h3 a5 11. Nc4 Re8 12. Bg5 exd4 13. cxd4 h6 14. Bxf6 Qxf6 15. d5
Nb8 16. e5 dxe5 17. Ncxe5 Qd6 18. Nxd7 Rxe1+ 19. Nxe1 Nxd7 20. Bxd7 Qxd7 21. Nc2
Qb5 22. Rb1 Rd8 23. Ne3 c6 24. d6 Qc5 25. d7 Bd4 26. Ng4 h5 27. Rc1 Qb6 28. Rc4
c5 29. Ne3 Rxd7 30. b3 Qe6 31. Qf3 Re7 32. a4 b6 33. Nc2 Qd6 34. g3 Kg7 35. Nxd4
cxd4 36. Rc6 Qd8 37. Qf6+ Kg8 38. Rd6 Re1+ 39. Kg2 Qxf6 40. Rxf6 Re6 41. Rxe6
fxe6 42. f4 h4 43. gxh4 Kg7 44. h5 gxh5 45. Kf3 Kg6 46. Ke4 h4 47. Kxd4 Kf5 48.
Ke3 e5 49. fxe5 Kxe5 50. Kf3 Kd4 51. Kg4 Kc3 52. Kxh4 Kxb3 53. Kg5 Kxa4 54. h4
b5 55. h5 b4 56. h6 b3 57. h7 b2 58. h8=Q b1=Q 59. Qd4+ Qb4 60. Qd1+ Kb5 61.
Qd7+ Kc4 62. Qg4+ Kb3 63. Qd1+ Ka2 64. Qe2+ Ka3 65. Qd3+ Ka4 66. Qd1+ Qb3 67.
Qd4+ Ka3 68. Qd6+ Ka4 69. Qd4+ Kb5 70. Qd7+ Kc5 71. Qc7+ Kb5 72. Qd7+ Ka6 73.
Qc6+ Qb6 74. Qa8+ Kb5 75. Qe8+ Qc6 76. Qe2+ Qc4 77. Qb2+ Kc6 78. Qf6+ Kc5 79.
Qe7+ Kb6 80. Qd8+ Qc7 81. Qf6+ Qc6 82. Qd8+ Ka6 83. Kh4 a4 84. Qd3+ Ka5 85. Qd8+
Kb4 86. Qd2+ Kb3 87. Qd1+ Qc2 88. Qf3+ Kb2 89. Kh5 Qc5+ 90. Kh6 Qc1+ 91. Kh5
Qc5+ 92. Kh6 Qb6+ 93. Kh5 Qa5+ 94. Kh6 Qd2+ 95. Kh5 a3 96. Qf6+ Kb1 97. Qf1+ Kc2
98. Qc4+ Qc3 99. Qe2+ Kb3 100. Qb5+ Qb4 101. Qd3+ Ka4 102. Qd1+ Ka5 103. Qd8+
Qb6 104. Qd2+ Ka6 105. Qc2 Qb5+ 106. Kh6 Kb7 107. Qd2 Qc5 108. Qd7+ Qc7 109. Qd2
Qb6+ 110. Kh5 Ka6 111. Qc2 Qa5+ 112. Kh6 a2 113. Qc4+ Kb7 114. Qf7+ Ka8 115.
Qg8+ Ka7 116. Qf7+ Ka6 117. Qc4+ Kb6 118. Qe6+ Kc5 119. Qe5+ Kb4 120. Qd4+ Kb3
121. Qd1+ Kb2 122. Qe2+ Kc1 123. Qf1+ Kc2 124. Qc4+ Kd1 125. Qb3+ Kc1 126. Qc4+
Kb2 127. Qe2+ Kc1 128. Qf1+ Kd2 129. Qf2+ Kd1 130. Qf3+ Kc2 131. Qe4+ Kb2 132.
Qe2+ Kb3 133. Qd1+ Kc4 134. Qg4+ Kc5 135. Qf5+ Kb4 136. Qe4+ Kb3 137. Qe6+ Ka3
138. Qe3+ Ka4 139. Qe4+ Qb4 140. Qc2+ Qb3 141. Qc6+ Ka5 142. Qa8+ Kb4 143. Qf8+
Kc3 144. Qf6+ Kc2 145. Qf2+ Kc1 146. Qe1+ Kb2 147. Qd2+ Kb1 148. Qe1+ Kc2 149.
Qe2+ Kc1 150. Qe1+ Kc2 151. Qe2+ Kc3 152. Qe3+ Kb4 153. Qb6+ Ka3 154. Qa5+ Kb2
155. Qd2+ Kb1 156. Qe1+ Kc2 157. Qe2+ Kc3 158. Qe3+ Kc4 159. Qe6+ Kc3 160. Qe3+
Kc2 161. Qe2+ Kc1 162. Qe1+ Qd1 163. Qc3+ Kb1 164. Qb4+ Ka1 165. Qc3+ Kb1 166.
Qb4+ Kc1 167. Qa3+ Kb1 168. Qb4+ Kc1 169. Qa3+ Kb1 170. Qb4+ Kc2 171. Qa4+ Kc1
172. Qxa2 Qd2+ 173. Qxd2+ Kxd2 1/2-1/2

[Event "61st World Juniors 2024"]
[Site "Gandhinagar IND"]
[Date "2024.06.06"]
[Round "5.30"]
[White "Sriansh Das"]
[Black "Jares, Michal"]
[Result "1-0"]
[BlackTitle "FM"]
[WhiteElo "2016"]
[BlackElo "2382"]
[WhiteFideId "45030081"]
[BlackFideId "386839"]
[EventDate "2024.06.02"]

1. e4 c6 2. d4 d5 3. exd5 cxd5 4. Bd3 Nc6 5. c3 g6 6. Bf4 Bf5 7. Nf3 Nf6 8. Ne5
Bg7 9. Bxf5 gxf5 10. O-O O-O 11. Nd2 e6 12. Nxc6 bxc6 13. Re1 Qb6 14. Nb3 Ne4
15. Re3 f6 16. Rh3 e5 17. Bc1 f4 18. Qh5 Ng5 19. Rh4 Qd8 20. g3 Qe8 21. gxf4
Qxh5 22. Rxh5 Nf3+ 23. Kf1 e4 24. Nd2 Nxd2+ 25. Bxd2 f5 26. Ke2 Rf6 27. Rg1 Rg6
28. Rhg5 Rxg5 29. Rxg5 Rf8 30. b3 Rf6 31. Rh5 h6 32. Be3 Kf7 33. Kd2 Ke6 34. Rh3
Rf8 35. Rg3 Bf6 36. Rg6 h5 37. Kc2 Kf7 38. Rh6 h4 39. Rh7+ Kg6 40. Rxa7 h3 41.
a4 Kh5 42. Rh7+ Kg4 43. b4 Bh4 44. Kb3 Ra8 45. a5 Re8 46. c4 dxc4+ 47. Kxc4 Bxf2
48. Bxf2 Kf3 49. Bg3 Kg2 50. a6 e3 51. a7 e2 52. Kc5 Rg8 53. Re7 Kf1 54. Kb6 c5
55. dxc5 Rg6+ 56. c6 Rg8 57. Kb7 Rxg3 58. hxg3 h2 59. a8=Q h1=Q 60. Qa1+ 1-0

[Event "61st World Juniors 2024"]
[Site "Gandhinagar IND"]
[Date "2024.06.06"]
[Round "5.31"]
[White "Saryyev, Azym"]
[Black "Apoorv Kamble"]
[Result "1-0"]
[BlackTitle "FM"]
[WhiteElo "1999"]
[BlackElo "2369"]
[WhiteFideId "14004801"]
[BlackFideId "25683012"]
[EventDate "2024.06.02"]

1. d4 Nf6 2. Nf3 e6 3. c4 b6 4. g3 Bb7 5. Bg2 Bb4+ 6. Bd2 a5 7. O-O O-O 8. a3
Bxd2 9. Qxd2 a4 10. Nc3 Ne4 11. Qc2 Nxc3 12. bxc3 Ra5 13. h4 h6 14. e4 d6 15.
Rab1 Nd7 16. Rb5 Ra7 17. Nd2 Qe7 18. Rb4 Rfa8 19. Re1 e5 20. Nf1 g6 21. h5 Kg7
22. Ne3 Bc6 23. f4 exf4 24. gxf4 Qh4 25. Qf2 Qxf2+ 26. Kxf2 Re8 27. e5 Bxg2 28.
Kxg2 dxe5 29. fxe5 Nf8 30. Rb2 Ne6 31. Rf1 Ng5 32. Nd5 Re6 33. Rbf2 Rb7 34. Nf4
Re7 35. hxg6 fxg6 36. Re2 h5 37. Kh1 Kh6 38. Rg2 Rf7 39. Rxg5 Rxf4 40. Rxh5+
Kxh5 41. Rxf4 g5 42. Rf8 c6 43. d5 cxd5 44. cxd5 Kg4 45. Kg2 Rc7 46. d6 Rxc3 47.
d7 Rc2+ 48. Rf2 Rxf2+ 49. Kxf2 Kf5 50. d8=Q Kxe5 51. Qxg5+ Kd4 52. Qb5 Kc3 53.
Ke3 1-0

[Event "61st World Juniors 2024"]
[Site "Gandhinagar IND"]
[Date "2024.06.06"]
[Round "5.32"]
[White "Bodrogi, Bendeguz"]
[Black "Jihan Tejas Shah"]
[Result "1/2-1/2"]
[WhiteTitle "FM"]
[WhiteElo "2353"]
[BlackElo "1956"]
[WhiteFideId "790303"]
[BlackFideId "33370109"]
[EventDate "2024.06.02"]

1. Nf3 Nf6 2. g3 g6 3. b3 Bg7 4. Bb2 O-O 5. Bg2 d6 6. d4 a5 7. O-O a4 8. c4 axb3
9. axb3 Rxa1 10. Bxa1 c6 11. Re1 d5 12. Nc3 Be6 13. e4 dxe4 14. Nxe4 Nxe4 15.
Rxe4 Bf5 16. Re1 Bg4 17. d5 Bxa1 18. Qxa1 cxd5 19. Ne5 Be6 20. cxd5 Bxd5 21. Rd1
e6 22. Ng4 f6 23. Ne3 Kg7 24. Qa7 Rf7 25. Bxd5 exd5 26. Rxd5 Qc7 27. b4 Nc6 28.
Qa3 Qe7 29. Nc2 Qe4 30. Qd3 Qxd3 31. Rxd3 Ne5 32. Rc3 Rd7 33. Kf1 Kf7 34. Ke2
Ke6 35. f4 Nc6 36. Ke3 Rd5 37. Ra3 Rd1 38. Ra8 Rb1 39. Rh8 h5 40. Rh6 Rb2 41.
Kd3 Nxb4+ 42. Nxb4 Rxb4 1/2-1/2

[Event "61st World Juniors 2024"]
[Site "Gandhinagar IND"]
[Date "2024.06.06"]
[Round "5.33"]
[White "Shahil, Dey"]
[Black "Swarna Nihal"]
[Result "0-1"]
[WhiteTitle "IM"]
[WhiteElo "2332"]
[BlackElo "1949"]
[WhiteFideId "35062352"]
[BlackFideId "25683640"]
[EventDate "2024.06.02"]

1. e4 c5 2. Nc3 Nc6 3. Nge2 g6 4. g3 Bg7 5. Bg2 d6 6. O-O Nf6 7. d3 O-O 8. h3
Rb8 9. f4 Nd7 10. a4 a6 11. g4 b5 12. axb5 axb5 13. f5 b4 14. Nd5 e6 15. Ne3 Bb7
16. Nf4 Re8 17. Kh1 Nd4 18. Bd2 Bc6 19. Nc4 Ne5 20. Na5 Bd7 21. c3 Ndc6 22. Nxc6
Bxc6 23. fxe6 fxe6 24. cxb4 cxb4 25. Qb3 Bd7 26. Rfc1 Qb6 27. Rc2 Nc6 28. Rcc1
Kh8 29. Ne2 Na5 30. Qa2 Nb7 31. Qa7 Qd8 32. e5 d5 33. d4 Bb5 34. Ng1 b3 35. Nf3
h6 36. Ra3 Bc4 37. g5 Kh7 38. gxh6 Bxh6 39. Raa1 Rf8 40. Bxh6 Kxh6 41. Qa4 Qe7
42. Nd2 Ra8 43. Qc6 Na5 44. Qd6 Qg5 45. Nf3 Qg3 46. Rxa5 Rxf3 47. Rxa8 Rf2 48.
Rg1 Bf1 49. Qf8+ Rxf8 50. Rxf8 Bc4 51. Rf6 Be2 52. Rxe6 Bf3 53. Rxg6+ Qxg6 54.
Bxf3 Qd3 55. Kg2 Qxd4 56. Re1 Qxb2+ 57. Re2 Qd4 58. e6 b2 59. e7 b1=Q 60. Re6+
Kg7 61. e8=Q Qdg1# 0-1

[Event "61st World Juniors 2024"]
[Site "Gandhinagar IND"]
[Date "2024.06.06"]
[Round "5.34"]
[White "Kuandykuly, Danis"]
[Black "Manish Anto, Cristiano F"]
[Result "1-0"]
[BlackTitle "IM"]
[WhiteElo "1989"]
[BlackElo "2307"]
[WhiteFideId "13752260"]
[BlackFideId "25095927"]
[EventDate "2024.06.02"]

1. e4 e5 2. Nf3 Nc6 3. Bb5 a6 4. Ba4 Nf6 5. d3 b5 6. Bb3 Bc5 7. O-O d6 8. c3 O-O
9. h3 h6 10. Re1 Bb6 11. Nbd2 Ne7 12. Nf1 Ng6 13. Ng3 Re8 14. a4 Bb7 15. Nh2 d5
16. axb5 axb5 17. Rxa8 Bxa8 18. Ng4 Nf4 19. Nxe5 Nxh3+ 20. gxh3 Rxe5 21. d4 Re8
22. e5 Ne4 23. Nf5 Re6 24. Rxe4 dxe4 25. Qg4 Qf8 26. Nxh6+ Rxh6 27. Bxh6 c5 28.
dxc5 Bxc5 29. e6 fxe6 30. Bxe6+ Kh7 31. Bf4 Qe8 32. Qh4+ Kg6 33. Qg5+ Kh7 34.
Be5 Bf8 35. Bf5+ g6 36. Qh5+ Bh6 37. Bf4 gxf5 38. Qxe8 1-0

[Event "61st World Juniors 2024"]
[Site "Gandhinagar IND"]
[Date "2024.06.06"]
[Round "5.35"]
[White "Gaikwad Manas"]
[Black "Koziorowicz, Michal"]
[Result "1-0"]
[BlackTitle "FM"]
[WhiteElo "1957"]
[BlackElo "2304"]
[WhiteFideId "25912410"]
[BlackFideId "21809194"]
[EventDate "2024.06.02"]

1. e4 c5 2. Nf3 e6 3. d4 cxd4 4. Nxd4 Nc6 5. Nc3 a6 6. f4 Qc7 7. Be3 Bb4 8. Nxc6
Bxc3+ 9. bxc3 Qxc6 10. Qd4 Nf6 11. e5 Nd5 12. Bd2 b5 13. c4 bxc4 14. Bxc4 Bb7
15. Be2 Ne7 16. Rb1 Rb8 17. Bf3 Qxc2 18. O-O Qc8 19. Qd6 Nf5 20. Qb6 O-O 21.
Bxb7 Qc2 22. Rb2 Qc4 23. Rc1 Qe2 24. Qf2 Qg4 25. Rcb1 Qg6 26. Be4 Rbc8 27. Rc1
d5 28. exd6 Qf6 29. Rxc8 Rxc8 30. d7 Rd8 31. Ba5 Ne3 32. Bxd8 Qd4 33. Ba5 1-0

[Event "61st World Juniors 2024"]
[Site "Gandhinagar IND"]
[Date "2024.06.06"]
[Round "5.36"]
[White "Smirnov, Mark"]
[Black "Arshpreet Singh"]
[Result "1-0"]
[WhiteTitle "CM"]
[WhiteElo "2203"]
[BlackElo "1932"]
[WhiteFideId "13764594"]
[BlackFideId "25902113"]
[EventDate "2024.06.02"]

1. e4 c6 2. d4 d5 3. e5 Bf5 4. Nf3 e6 5. Be2 c5 6. Be3 cxd4 7. Nxd4 Ne7 8. O-O
Nbc6 9. Bb5 Bg6 10. c4 a6 11. Ba4 dxc4 12. Nxc6 Qxd1 13. Rxd1 b5 14. Nxe7 Bxe7
15. Nd2 O-O 16. Rac1 bxa4 17. Nxc4 Rab8 18. Rd7 Rfe8 19. Nd6 Bxd6 20. exd6 e5
21. g4 h5 22. h3 hxg4 23. hxg4 Bd3 24. Rcc7 Rf8 25. Re7 a3 26. bxa3 Bb5 27. d7
Rfd8 28. Ba7 Ra8 29. Rb7 Bc6 30. Bb6 Rf8 31. Rc7 Bb5 32. Rc5 Rab8 33. Bc7 Ra8
34. Rd5 Rfd8 35. Bxd8 Rxd8 36. Rxb5 1-0

[Event "61st World Juniors 2024"]
[Site "Gandhinagar IND"]
[Date "2024.06.06"]
[Round "5.37"]
[White "Mukund Hemant Agarwal"]
[Black "Borkhetariya Devarsh M"]
[Result "1/2-1/2"]
[WhiteElo "2196"]
[BlackElo "1864"]
[WhiteFideId "25679791"]
[BlackFideId "25777033"]
[EventDate "2024.06.02"]

1. e4 e5 2. Nf3 Nf6 3. Nxe5 d6 4. Nf3 Nxe4 5. d4 d5 6. Bd3 Be7 7. O-O Nd6 8. Re1
O-O 9. Nc3 c6 10. Ne2 Bf5 11. Ng3 Bxd3 12. Qxd3 Re8 13. Bf4 Nd7 14. Ne5 Nf8 15.
Re2 Bf6 16. Rae1 Ne6 17. Bc1 g6 18. c3 Ng7 19. Ng4 Rxe2 20. Rxe2 Bg5 21. f4 Bh4
22. Nh6+ Kf8 23. f5 Bxg3 24. fxg6 Bxh2+ 25. Kxh2 Qh4+ 26. Kg1 hxg6 27. g3 Qh3
28. Bf4 Ne4 29. c4 Nh5 30. Be5 f6 31. cxd5 cxd5 32. Rh2 Qd7 33. g4 fxe5 34. gxh5
Kg7 35. hxg6 Rh8 36. Nf7 Qg4+ 37. Rg2 1/2-1/2

[Event "61st World Juniors 2024"]
[Site "Gandhinagar IND"]
[Date "2024.06.06"]
[Round "5.38"]
[White "Ayushh, Ravikumar"]
[Black "Mnyasta, Charlton"]
[Result "0-1"]
[WhiteTitle "FM"]
[WhiteElo "1950"]
[BlackElo "2174"]
[WhiteFideId "35039482"]
[BlackFideId "14343371"]
[EventDate "2024.06.02"]

1. e4 c5 2. Nf3 d6 3. d4 cxd4 4. Qxd4 Nf6 5. Nc3 a6 6. h3 Nc6 7. Qe3 g6 8. Bc4
Bg7 9. O-O O-O 10. Rd1 Qc7 11. Bb3 Na5 12. e5 dxe5 13. Qxe5 Qxe5 14. Nxe5 Nxb3
15. cxb3 b5 16. Nc6 Re8 17. Bg5 Be6 18. Nd4 Bd7 19. Bxf6 exf6 20. Nd5 Ra7 21. a4
bxa4 22. bxa4 f5 23. Nb6 Re4 24. Nf3 Be8 25. Ng5 Re2 26. Rac1 Bxb2 27. Rc8 Bf6
28. Kf1 Rae7 29. Nf3 Kg7 30. Rdd8 Rb7 31. Rxe8 Rxb6 32. Rg8+ Kh6 33. Rb8 Rd6 0-1

[Event "61st World Juniors 2024"]
[Site "Gandhinagar IND"]
[Date "2024.06.06"]
[Round "5.39"]
[White "Jyotshnav Talukdar"]
[Black "Nainys, Zanas"]
[Result "1-0"]
[WhiteElo "1898"]
[BlackElo "2153"]
[WhiteFideId "25924370"]
[BlackFideId "12844098"]
[EventDate "2024.06.02"]

1. d4 d5 2. c4 e6 3. Nf3 Nf6 4. g3 Be7 5. Bg2 O-O 6. O-O a5 7. Qc2 Nc6 8. a3 a4
9. cxd5 exd5 10. Nc3 Bd7 11. Bf4 Qc8 12. Nxa4 Nxd4 13. Nxd4 Rxa4 14. b4 Qa8 15.
Qb2 c6 16. Rfd1 Re8 17. Nb3 Bf5 18. Be5 Bf8 19. Bd4 Nd7 20. e3 Kh8 21. h4 f6 22.
Rdc1 Ne5 23. Bxe5 fxe5 24. Na5 Bd7 25. Bf3 b6 26. Qb3 b5 27. e4 d4 28. Bd1 c5
29. Qf3 Rxa5 30. bxa5 Bc6 31. a4 Bxe4 32. Qf7 Bd5 33. Qd7 b4 34. Qc7 Bh1 35. f3
Bxf3 36. Bxf3 Qxf3 37. Kh2 Qf2+ 38. Kh3 Qf5+ 39. Kh2 Qf2+ 40. Kh3 Qf5+ 41. Kh2
Qc8 42. Qb6 d3 43. Rf1 e4 44. Rad1 c4 45. Rf7 Bc5 46. Qb5 Bd6 47. Rdf1 h6 48.
Qh5 Be5 49. R1f5 Bc3 50. Qg6 Rg8 51. Re7 b3 52. Rff7 Rf8 53. Rxf8+ Qxf8 54. Re8 1-0